|
|
|
|
| LEADER |
00000cam a2200000 7i4500 |
| 001 |
0000002724 |
| 005 |
20031229.0 |
| 020 |
0 |
0 |
|a 0080231608
|
| 090 |
0 |
0 |
|a 571.8642
|b FAE 1979
|
| 100 |
1 |
0 |
|a FAEGRI
|h Knut
|
| 245 |
1 |
4 |
|a The principles of pollination ecology
|c by K. Faegri and L. van der Pijl
|
| 250 |
0 |
0 |
|a 3rd rev. ed.
|
| 260 |
0 |
0 |
|a Oxford ; New York :
|b Pergamon Press ,
|c 1979
|
| 300 |
|
|
|a xii, 244 p. :
|b ill. ;
|c 26 cm.
|
| 500 |
0 |
0 |
|a ncludes bibliography: p. 207-225 and index
|
| 650 |
0 |
0 |
|a Plant ecology
|
| 650 |
0 |
0 |
|a Pollination
|
| 700 |
0 |
1 |
|a Pijl
|h L. van der (Leendert) ,
|c 1905-
|
| 998 |
|
|
|a JPSM
|
| 999 |
|
|
|a 0000003758
|b Monograph
|c Open Shelf
|e Default branch
|